[Event "Lodi op1 3rd"]
[Site "Livorno"]
[Date "2007.06.16"]
[Round "1"]
[White "Wagman, Stuart"]
[Black "Djuric, Stefan"]
[Result "0-1"]
[WhiteElo "2112"]
[BlackElo "2460"]
[PlyCount "45"]
[EventDate "2007.06.16"]
[EventType "swiss"]
[EventRounds "6"]
[EventCountry "ITA"]
[SourceTitle "EXT 2010"]
[Source "ChessBase"]
[SourceDate "2010.11.25"]
[SourceVersion "1"]
[SourceVersionDate "2010.11.25"]
[SourceQuality "1"]

1. e4 c5 2. Nf3 Nc6 3. d4 cxd4 4. Nxd4 Nf6 5. Nc3 e6 6. g3 Bb4 7. Bg2 d5 8. 0-0 Bxc3 9. bxc3 Nxd4 10. cxd4 Nxe4 11. c4 0-0 12. Ba3 Re8 13. Re1 Qa5 14. cxd5 exd5 15. f3 Qxa3 16. fxe4 dxe4 17. Bxe4 Be6 18. Bxb7 Rab8 19. Bg2 Red8 20. Rb1 Rbc8 21. Qd2 h6 22. Qb4 Qxa2 23. Ra1 0-1

[Event "Arco op 28th"]
[Site "Arco"]
[Date "2006.10.25"]
[Round "5"]
[White "Huettemann, Ralf"]
[Black "Wagman, Stuart"]
[Result "0-1"]
[WhiteElo "2125"]
[BlackElo "1992"]
[PlyCount "90"]
[EventDate "2006.10.21"]
[EventType "swiss"]
[EventRounds "9"]
[EventCountry "ITA"]
[SourceTitle "EXT 2007"]
[Source "ChessBase"]
[SourceDate "2006.11.23"]
[SourceVersion "1"]
[SourceVersionDate "2006.11.23"]
[SourceQuality "1"]

1. e4 e5 2. Nf3 Nc6 3. Bc4 Nf6 4. d3 Bc5 5. 0-0 d6 6. c3 0-0 7. b4 Bb6 8. a4 a5 9. b5 Ne7 10. Be3 Bxe3 11. fxe3 Ng6 12. Ra2 Qe7 13. Re2 c6 14. Bb3 d5 15. exd5 cxd5 16. Bc2 e4 17. dxe4 dxe4 18. Nd4 Bg4 19. Qe1 Bxe2 20. Qxe2 Rac8 21. Bb3 Rc5 22. c4 Rg5 23. Qe1 Qe5 24. Nc3 Nd7 25. Nd5 Nc5 26. Bd1 Nd3 27. Qxa5 Nh4 28. g4 Nf3+ 29. Bxf3 exf3 30. Nxf3 Rxg4+ 31. Kh1 Qe4 32. Qd2 Qxc4 33. Ne7+ Kh8 34. Nd4 Ne5 35. Rc1 Qxa4 36. h3 Rg5 37. Qf2 Qa3 38. Rc7 Qd6 39. Rxb7 h6 40. Qf4 Ra8 41. Qf1 Ng6 42. h4 Rg4 43. Ndf5 Qe5 44. Qb1 Ra1 45. Rb8+ Kh7 0-1

[Event "Arco op 27th"]
[Site "Arco"]
[Date "2005.10.26"]
[Round "5"]
[White "Wagman, Stuart"]
[Black "Blasco, Domenico"]
[Result "1-0"]
[WhiteElo "2124"]
[BlackElo "1994"]
[PlyCount "59"]
[EventDate "2005.10.22"]
[EventType "swiss"]
[EventRounds "9"]
[EventCountry "ITA"]
[SourceTitle "EXT 2006"]
[Source "ChessBase"]
[SourceDate "2005.11.24"]
[SourceVersion "1"]
[SourceVersionDate "2005.11.24"]
[SourceQuality "1"]

1. e4 g6 2. d4 Bg7 3. Nf3 c6 4. Be2 d5 5. Nc3 Nh6 6. 0-0 0-0 7. Bf4 f6 8. e5 Nf7 9. exf6 exf6 10. a4 Bg4 11. h3 Bxf3 12. Bxf3 Nd7 13. a5 f5 14. Na4 Qf6 15. c3 Rfe8 16. Qb3 Nd8 17. Bc7 Ne6 18. Qxb7 Rec8 19. Qxc6 Ndf8 20. Qxd5 Qg5 21. Nc5 Kh8 22. Nxe6 Nxe6 23. Qxe6 Re8 24. Qd6 Rac8 25. Bb7 Bf8 26. Qd7 Rcd8 27. Bxd8 Rxd8 28. Qc6 Bd6 29. f4 Bxf4 30. Rxf4 1-0

[Event "Wch Seniors 15th"]
[Site "Lignano Sabbiadoro"]
[Date "2005.10.06"]
[Round "8"]
[White "Wagman, Stuart"]
[Black "Villing, Dieter"]
[Result "0-1"]
[WhiteElo "2142"]
[BlackElo "2259"]
[PlyCount "58"]
[EventDate "2005.09.28"]
[EventType "swiss"]
[EventRounds "11"]
[EventCountry "ITA"]
[SourceTitle "CBM 108 Extra"]
[Source "ChessBase"]
[SourceDate "2005.11.04"]
[SourceVersion "1"]
[SourceVersionDate "2005.11.04"]
[SourceQuality "1"]

1. e4 d6 2. d4 Nf6 3. Nc3 c6 4. Nf3 Bg4 5. Be2 e6 6. 0-0 Be7 7. Be3 0-0 8. h3 Bh5 9. Nd2 Bxe2 10. Qxe2 d5 11. Rad1 Qb6 12. Bg5 Qxb2 13. e5 Qxc3 14. exf6 Bxf6 15. Bxf6 gxf6 16. Nb3 Nd7 17. Rd3 Qb2 18. Qd2 Kh8 19. Qb4 b6 20. Qe7 Rad8 21. Rc1 c5 22. c3 Qxa2 23. Rf3 f5 24. Ra1 Qxb3 25. Rxa7 Rde8 26. Qxd7 Qb1+ 27. Kh2 cxd4 28. Qc7 Qe4 29. cxd4 Qxd4 0-1

[Event "Wch Seniors 15th"]
[Site "Lignano Sabbiadoro"]
[Date "2005.09.29"]
[Round "2"]
[White "Wagman, Stuart"]
[Black "Jakobsen, Ole"]
[Result "1-0"]
[WhiteElo "2142"]
[BlackElo "2385"]
[PlyCount "87"]
[EventDate "2005.09.28"]
[EventType "swiss"]
[EventRounds "11"]
[EventCountry "ITA"]
[SourceTitle "CBM 108 Extra"]
[Source "ChessBase"]
[SourceDate "2005.11.04"]
[SourceVersion "1"]
[SourceVersionDate "2005.11.04"]
[SourceQuality "1"]

1. e4 c5 2. Nf3 a6 3. d3 Nc6 4. g3 g6 5. Bg2 Bg7 6. 0-0 d6 7. Nbd2 Nf6 8. c3 0-0 9. Qe2 Bd7 10. Re1 Rc8 11. Nf1 b5 12. Bd2 Ne8 13. Ne3 Rb8 14. h4 b4 15. h5 Nc7 16. Nd5 Nb5 17. Rac1 bxc3 18. bxc3 e6 19. Ne3 Na3 20. Nd1 Nb1 21. Bf4 e5 22. h6 exf4 23. hxg7 Kxg7 24. gxf4 Qf6 25. Qe3 Na3 26. e5 Qe7 27. Qd2 d5 28. Ne3 Be6 29. d4 Rfd8 30. Kh2 Na5 31. f5 gxf5 32. Qd3 Kh8 33. Nxf5 Bxf5 34. Qxf5 Rb6 35. Ng5 Rh6+ 36. Bh3 Rf8 37. Rg1 Nc6 38. Rg3 Nd8 39. Rcg1 f6 40. Nf3 fxe5 41. Nxe5 cxd4 42. cxd4 Rh4 43. Nd7 Re8 44. Nf6 1-0

[Event "Wch Seniors 15th"]
[Site "Lignano Sabbiadoro"]
[Date "2005.09.28"]
[Round "1"]
[White "Thonig, Manfred"]
[Black "Wagman, Stuart"]
[Result "0-1"]
[WhiteElo "1836"]
[BlackElo "2142"]
[PlyCount "50"]
[EventDate "2005.09.28"]
[EventType "swiss"]
[EventRounds "11"]
[EventCountry "ITA"]
[SourceTitle "CBM 108 Extra"]
[Source "ChessBase"]
[SourceDate "2005.11.04"]
[SourceVersion "1"]
[SourceVersionDate "2005.11.04"]
[SourceQuality "1"]

1. f4 c5 2. b3 b6 3. e3 Bb7 4. Nf3 Nf6 5. Bb2 e6 6. Be2 Be7 7. 0-0 d6 8. Qe1 0-0 9. c4 Nc6 10. a3 Ne4 11. d3 Bf6 12. Nc3 Nxc3 13. Bxc3 Bxc3 14. Qxc3 Qe7 15. e4 Rad8 16. Rae1 d5 17. exd5 exd5 18. Bd1 Qd6 19. cxd5 Qxd5 20. Re3 Ba6 21. Bc2 Nd4 22. Re5 Qxe5 23. Qd2 Nxf3+ 24. Rxf3 Qd4+ 25. Re3 Rfe8 0-1

[Event "EU-ch Seniors 04th"]
[Site "Arvier"]
[Date "2004.09.12"]
[Round "3"]
[White "Wagman, Stuart"]
[Black "Jakobsen, Ole"]
[Result "1/2-1/2"]
[WhiteElo "2139"]
[BlackElo "2379"]
[PlyCount "47"]
[EventDate "2004.09.10"]
[EventType "swiss"]
[EventRounds "9"]
[EventCountry "ITA"]
[SourceTitle "CBM 102 Extra"]
[Source "ChessBase"]
[SourceDate "2004.11.03"]
[SourceVersion "1"]
[SourceVersionDate "2004.11.03"]
[SourceQuality "1"]

1. e4 d6 2. d4 g6 3. Nf3 Bg7 4. Nc3 a6 5. Be2 b5 6. a3 Bb7 7. 0-0 Nd7 8. Re1 c5 9. Bf1 cxd4 10. Nxd4 Ngf6 11. f3 0-0 12. Be3 Rc8 13. Qd2 Ne5 14. Rad1 Nc4 15. Bxc4 Rxc4 16. Na2 Nd7 17. c3 Ne5 18. Bh6 Rc5 19. Bxg7 Kxg7 20. Qf2 Qc8 21. Nb4 Re8 22. Nb3 Rc7 23. Na5 Kg8 24. Nxb7 1/2-1/2

[Event "Aosta op 12th"]
[Site "Saint Vincent"]
[Date "2004.02.10"]
[Round "4"]
[White "Wagman, Stuart"]
[Black "Isonzo, Davide"]
[Result "1/2-1/2"]
[WhiteElo "2132"]
[BlackElo "2336"]
[PlyCount "79"]
[EventDate "2004.02.08"]
[EventType "swiss"]
[EventRounds "9"]
[EventCountry "ITA"]
[SourceTitle "CBM 098 Extra"]
[Source "ChessBase"]
[SourceDate "2004.03.10"]
[SourceVersion "2"]
[SourceVersionDate "2004.03.10"]
[SourceQuality "1"]

1. e4 c5 2. Nf3 Nc6 3. d4 cxd4 4. Nxd4 g6 5. Be2 Bg7 6. Nb3 Nf6 7. Nc3 0-0 8. 0-0 d6 9. Bg5 Be6 10. Kh1 Rc8 11. f4 Na5 12. f5 Bc4 13. Bd3 b5 14. Qe1 b4 15. Nd1 Nxb3 16. axb3 Bxd3 17. cxd3 Qb6 18. Ne3 Qd4 19. Qe2 e6 20. Nc4 Qc5 21. Be3 Qc6 22. fxe6 fxe6 23. Rxa7 d5 24. exd5 exd5 25. Ne5 Qe6 26. d4 Ne4 27. Rxf8+ Rxf8 28. Ra1 Bxe5 29. dxe5 Qxe5 30. Qd3 Qf5 31. Kg1 Ng3 32. Qxf5 Nxf5 33. Bc5 Rc8 34. Bxb4 Rc2 35. Be1 d4 36. Bf2 d3 37. Rd1 Rxb2 38. g4 Nh6 39. Rxd3 Nxg4 40. Bg3 1/2-1/2

[Event "Arco op 25th"]
[Site "Arco"]
[Date "2003.10.23"]
[Round "6"]
[White "Wagman, Stuart"]
[Black "Luciani, Carlo"]
[Result "0-1"]
[WhiteElo "2150"]
[BlackElo "2233"]
[PlyCount "106"]
[EventDate "2003.10.18"]
[EventType "swiss"]
[EventRounds "9"]
[EventCountry "ITA"]
[SourceTitle "EXT 2004"]
[Source "ChessBase"]
[SourceDate "2003.11.25"]
[SourceVersion "1"]
[SourceVersionDate "2003.11.25"]
[SourceQuality "1"]

1. e4 e5 2. Nf3 Nc6 3. Nc3 Nf6 4. Bb5 Bb4 5. 0-0 0-0 6. d3 d6 7. Bg5 Bxc3 8. bxc3 h6 9. Bh4 Bd7 10. Re1 Ne7 11. Bxd7 Nxd7 12. d4 g5 13. Bg3 f6 14. Nd2 Rf7 15. Nc4 Nf8 16. Rb1 Qd7 17. Ne3 b6 18. Qh5 Rh7 19. Rbd1 Qe6 20. dxe5 fxe5 21. Nd5 Nxd5 22. exd5 Qf7 23. Qe2 Ng6 24. f3 Qf5 25. Qe4 Rf7 26. Qxf5 Rxf5 27. Re4 Rf7 28. Rg4 Rg7 29. h4 Ne7 30. hxg5 Rxg5 31. Rxg5+ hxg5 32. c4 Rf8 33. Re1 Kg7 34. Re4 Kg6 35. Bf2 Ng8 36. Re1 Nf6 37. Be3 a5 38. Bf2 Rh8 39. Bg3 Kf5 40. Re2 Nd7 41. Bf2 g4 42. fxg4+ Kxg4 43. Re3 Rh7 44. Rg3+ Kf5 45. Rf3+ Kg6 46. Rg3+ Kf7 47. Rf3+ Nf6 48. Be3 Rg7 49. g3 Rg4 50. c5 bxc5 51. Bd2 Kg7 52. Bxa5 Nxd5 53. Rb3 Ra4 0-1

[Event "Arco op 25th"]
[Site "Arco"]
[Date "2003.10.21"]
[Round "4"]
[White "Wronn, Bernd"]
[Black "Wagman, Stuart"]
[Result "0-1"]
[WhiteElo "2217"]
[BlackElo "2150"]
[PlyCount "54"]
[EventDate "2003.10.18"]
[EventType "swiss"]
[EventRounds "9"]
[EventCountry "ITA"]
[SourceTitle "EXT 2004"]
[Source "ChessBase"]
[SourceDate "2003.11.25"]
[SourceVersion "1"]
[SourceVersionDate "2003.11.25"]
[SourceQuality "1"]

1. Nf3 d5 2. c4 c6 3. b3 Bg4 4. Bb2 e6 5. d3 Nf6 6. Ne5 Bh5 7. Nd2 Nbd7 8. Nxd7 Qxd7 9. Qc2 Be7 10. e4 dxe4 11. dxe4 Qc7 12. f3 0-0-0 13. a3 Bd6 14. g4 Bg6 15. h4 Bg3+ 16. Ke2 Nxg4 17. Bg2 Ne3 18. Kxe3 Bf4+ 19. Ke2 Rxd2+ 20. Qxd2 Bxd2 21. Kxd2 Qg3 22. Rag1 Qf2+ 23. Kc3 Rd8 24. Bc1 Qe2 25. Kb4 Rd3 26. Bf1 Qe1+ 27. Ka4 b6 0-1

[Event "EU-ch Seniors 03rd"]
[Site "Saint Vincent"]
[Date "2003.09.18"]
[Round "2"]
[White "Wagman, Stuart"]
[Black "Zhelesny, Stanislav"]
[Result "1/2-1/2"]
[WhiteElo "2150"]
[BlackElo "2320"]
[PlyCount "75"]
[EventDate "2003.09.17"]
[EventType "swiss"]
[EventRounds "9"]
[EventCountry "ITA"]
[SourceTitle "CBM 096 Extra"]
[Source "ChessBase"]
[SourceDate "2003.10.22"]
[SourceVersion "2"]
[SourceVersionDate "2003.10.20"]
[SourceQuality "1"]

1. e4 e5 2. Nf3 Nc6 3. Nc3 Nf6 4. d4 exd4 5. Nxd4 d6 6. Bb5 Bd7 7. 0-0 Be7 8. Re1 0-0 9. Bf4 Nxd4 10. Qxd4 Nh5 11. Bxd7 Nxf4 12. Bb5 Bf6 13. Qe3 Be5 14. g3 Ne6 15. Rad1 c6 16. Bc4 Qf6 17. Ne2 b5 18. Bb3 Qe7 19. c3 g6 20. Nd4 Nxd4 21. cxd4 Bg7 22. Qd3 Rab8 23. Qc2 a5 24. Qxc6 Rfc8 25. Qa6 a4 26. Bd5 Rc2 27. Rc1 Rxc1 28. Rxc1 Bxd4 29. Rc2 Qf6 30. b3 Kg7 31. Kg2 axb3 32. Bxb3 Bc5 33. Qc6 g5 34. Qd5 h5 35. e5 Qf5 36. exd6 Qxd5+ 37. Bxd5 Bxd6 38. h3 1/2-1/2

[Event "Imperia op-A 44th"]
[Site "Imperia"]
[Date "2002.09.02"]
[Round "2"]
[White "Wagman, Stuart"]
[Black "Djingarova, Emilia"]
[Result "0-1"]
[WhiteElo "2150"]
[BlackElo "2267"]
[PlyCount "54"]
[EventDate "2002.09.01"]
[EventType "swiss"]
[EventRounds "9"]
[EventCountry "ITA"]
[SourceTitle "EXT 2007"]
[Source "ChessBase"]
[SourceDate "2006.11.23"]
[SourceVersion "1"]
[SourceVersionDate "2006.11.23"]
[SourceQuality "1"]

1. e4 c5 2. Nf3 e6 3. d4 cxd4 4. Nxd4 Nc6 5. Nc3 Qc7 6. g3 a6 7. Bg2 Nf6 8. 0-0 Be7 9. Re1 0-0 10. Nxc6 dxc6 11. e5 Rd8 12. Qe2 Nd5 13. Ne4 Qxe5 14. c4 Nb4 15. Rd1 Rxd1+ 16. Qxd1 c5 17. Qa4 Nc6 18. Bf4 Qxb2 19. Rd1 e5 20. Rd2 Qb4 21. Qxb4 cxb4 22. Be3 Be6 23. c5 Na5 24. Nd6 Bxd6 25. cxd6 Nc4 26. Bxb7 Rb8 27. d7 Nxd2 0-1

[Event "Imperia op-A 43rd"]
[Site "Imperia"]
[Date "2001.09.05"]
[Round "5.15"]
[White "Wagman, Stuart"]
[Black "Tabernig, Bernhard"]
[Result "0-1"]
[WhiteElo "2140"]
[BlackElo "2325"]
[PlyCount "72"]
[EventDate "2001.09.02"]
[EventType "swiss"]
[EventRounds "9"]
[EventCountry "ITA"]
[SourceTitle "EXT 2024"]
[Source "ChessBase"]
[SourceDate "2023.10.10"]
[SourceVersion "1"]
[SourceVersionDate "2023.10.10"]
[SourceQuality "1"]

1. e4 e6 2. d3 d5 3. Nd2 Nf6 4. g3 dxe4 5. dxe4 Bc5 6. Bg2 e5 7. Ngf3 Nc6 8. 0-0 0-0 9. Qe2 Qe7 10. c3 a5 11. a4 b6 12. Nc4 Ba6 13. Bg5 Qe6 14. Nfd2 Ne8 15. b3 Nd6 16. Bf3 Nxc4 17. Nxc4 Bxc4 18. bxc4 f6 19. Bg4 Qf7 20. Be3 Bxe3 21. fxe3 Qe7 22. Rfd1 Rad8 23. Rd5 Rxd5 24. cxd5 Nd8 25. d6 cxd6 26. Rb1 Qc7 27. Qd3 Nb7 28. Qd5+ Kh8 29. Qb5 Nc5 30. Qxb6 Qxb6 31. Rxb6 Nxa4 32. Ra6 Nxc3 33. Rxa5 Nxe4 34. Bf3 Nc5 35. Rb5 Rd8 36. Bd5 f5 0-1

[Event "Montecatini Terme 5th"]
[Site "Montecatini Terme"]
[Date "2000.02.06"]
[Round "9"]
[White "Wagman, Stuart"]
[Black "Passerotti, Pierluigi"]
[Result "0-1"]
[WhiteElo "2188"]
[BlackElo "2278"]
[PlyCount "52"]
[EventDate "2000.01.29"]
[EventType "tourn"]
[EventRounds "9"]
[EventCountry "ITA"]
[EventCategory "3"]
[SourceTitle "CBM 074 Extra"]
[Source "ChessBase"]
[SourceDate "2000.03.10"]
[SourceVersion "2"]
[SourceVersionDate "2000.03.10"]
[SourceQuality "1"]

1. e4 c5 2. Nf3 Nc6 3. d4 cxd4 4. Nxd4 g6 5. Be2 Bg7 6. Nb3 Nf6 7. Nc3 0-0 8. 0-0 d6 9. Bg5 Be6 10. Rb1 a6 11. f4 b5 12. Bf3 a5 13. Kh1 a4 14. Nc1 Qb6 15. Nd5 Bxd5 16. exd5 Nd4 17. Bh4 Nxf3 18. Qxf3 Rfc8 19. c3 a3 20. bxa3 Rxa3 21. Rb3 Qa5 22. c4 Rxb3 23. Nxb3 Qa4 24. cxb5 Qxb5 25. Re1 Nxd5 26. h3 e6 0-1

[Event "Montecatini Terme 5th"]
[Site "Montecatini Terme"]
[Date "2000.02.02"]
[Round "5"]
[White "Aldrovandi, Costantino"]
[Black "Wagman, Stuart"]
[Result "1-0"]
[WhiteElo "2328"]
[BlackElo "2188"]
[PlyCount "189"]
[EventDate "2000.01.29"]
[EventType "tourn"]
[EventRounds "9"]
[EventCountry "ITA"]
[EventCategory "3"]
[SourceTitle "CBM 074 Extra"]
[Source "ChessBase"]
[SourceDate "2000.03.10"]
[SourceVersion "2"]
[SourceVersionDate "2000.03.10"]
[SourceQuality "1"]

1. c4 c6 2. b3 d5 3. Bb2 Nf6 4. Nf3 Bg4 5. d3 e6 6. Nbd2 Nbd7 7. g3 Be7 8. Bg2 0-0 9. h3 Bxf3 10. Bxf3 a5 11. a3 Nc5 12. 0-0 Re8 13. Qc2 Bf8 14. Kh2 e5 15. Bg2 Qd6 16. Rfd1 Qe6 17. Kg1 e4 18. d4 Ncd7 19. e3 h5 20. Nf1 a4 21. cxd5 cxd5 22. bxa4 Qa6 23. a5 Qxa5 24. a4 Rec8 25. Qb3 Rc4 26. Nd2 Rxa4 27. Bc3 Qa7 28. Bf1 Ra3 29. Rxa3 Qxa3 30. Qxb7 Rb8 31. Qc6 Rb6 32. Qc7 Qa4 33. Ra1 Qc6 34. Ra7 Qxc7 35. Rxc7 Bd6 36. Rc8+ Kh7 37. Kg2 g6 38. Be2 Kg7 39. Bd1 Rb8 40. Rc6 Rb6 41. Rc8 Rb8 42. Rxb8 Nxb8 43. Ba4 Kf8 44. Bb5 Ke7 45. Ba5 Nbd7 46. Nb1 Nf8 47. Nc3 Ne6 48. Bc6 Bc7 49. Bb4+ Bd6 50. Na2 Bxb4 51. Nxb4 Kd6 52. Ba4 Nc7 53. Kf1 Ne6 54. Nc6 Ng5 55. Kg2 Nd7 56. Nb4 Nf6 57. Bb5 Ne6 58. h4 Nc7 59. Ba4 Ne6 60. Kf1 Nc7 61. Nc6 Nd7 62. Nd8 Nb6 63. Nb7+ Ke7 64. Bc6 Nd7 65. Ke1 Nf6 66. Ba4 Ne6 67. Na5 Kd6 68. Nc6 Nd7 69. Na5 Nf6 70. Nb3 Nc7 71. Nd2 Ne6 72. Nf1 Ng4 73. Bd1 Nf6 74. Nh2 Nc7 75. Kd2 Ne6 76. Kc3 Nc7 77. Be2 Ne6 78. Bf1 Nc7 79. Kb4 Nd7 80. Bh3 Nf6 81. Ka5 Ne6 82. Kb6 Nd7+ 83. Kb7 Nf6 84. Nf1 Ng4 85. Bxg4 hxg4 86. Nh2 f5 87. Nf1 Nd8+ 88. Kb6 Nc6 89. Kb5 Nd8 90. Nd2 Ne6 91. Nb1 Nc7+ 92. Kb6 Ne6 93. Nc3 Nf8 94. Nb5+ Ke6 95. Kc6 1-0

[Event "Montecatini Terme 5th"]
[Site "Montecatini Terme"]
[Date "2000.01.30"]
[Round "2"]
[White "Wagman, Stuart"]
[Black "Trabert, Bettina"]
[Result "1-0"]
[WhiteElo "2188"]
[BlackElo "2273"]
[PlyCount "73"]
[EventDate "2000.01.29"]
[EventType "tourn"]
[EventRounds "9"]
[EventCountry "ITA"]
[EventCategory "3"]
[SourceTitle "CBM 074 Extra"]
[Source "ChessBase"]
[SourceDate "2000.03.10"]
[SourceVersion "2"]
[SourceVersionDate "2000.03.10"]
[SourceQuality "1"]

1. e4 e5 2. Nf3 Nc6 3. Nc3 Nf6 4. Bb5 Bb4 5. 0-0 0-0 6. d3 Bxc3 7. bxc3 d6 8. Bg5 Qe7 9. Re1 Nd8 10. d4 Ne6 11. Bc1 Rd8 12. Bf1 c5 13. g3 Ne8 14. d5 Nf8 15. Nh4 g6 16. Ng2 Ng7 17. f4 Nd7 18. c4 Re8 19. Bb2 Qd8 20. Bd3 f6 21. Qd2 Nb6 22. Rf1 Bd7 23. Rf2 Na4 24. Ba3 f5 25. fxe5 Rxe5 26. exf5 Nxf5 27. Raf1 Qe7 28. Bc1 Re8 29. Qa5 a6 30. Bf4 Re4 31. Bxe4 Qxe4 32. Qd2 Qxc4 33. Ne3 Nxe3 34. Bxe3 Nc3 35. Bh6 Bf5 36. Rxf5 gxf5 37. Qg5+ 1-0

[Event "Montecatini Terme op"]
[Site "Montecatini Terme"]
[Date "2000.??.??"]
[Round "1"]
[White "Tischbierek, Raj"]
[Black "Wagman, Stuart"]
[Result "1-0"]
[WhiteElo "2521"]
[BlackElo "2190"]
[PlyCount "87"]
[EventDate "2000.07.??"]
[EventType "swiss"]
[EventRounds "9"]
[EventCountry "ITA"]
[SourceTitle "EXT 2001"]
[Source "ChessBase"]
[SourceDate "2000.11.22"]
[SourceVersion "1"]
[SourceVersionDate "2000.11.22"]
[SourceQuality "1"]

1. e4 e5 2. Nf3 Nc6 3. Bc4 Nf6 4. d3 Bc5 5. c3 d6 6. 0-0 0-0 7. Bb3 a6 8. Nbd2 Ba7 9. Re1 Ng4 10. Re2 Kh8 11. h3 Nh6 12. Nf1 f5 13. Bg5 Qe8 14. Bxh6 gxh6 15. exf5 Bxf5 16. Bd5 Nd8 17. d4 c6 18. Be4 Ne6 19. Ng3 Bxe4 20. Rxe4 Nf4 21. Nh4 Qe6 22. Qg4 Qxg4 23. hxg4 exd4 24. Nhf5 Ng6 25. cxd4 d5 26. Re6 Rae8 27. Rae1 Rxe6 28. Rxe6 Bb8 29. Nh5 Nf4 30. Rxh6 Nxh5 31. Rxh5 Re8 32. Kf1 Bf4 33. g3 Bc1 34. b3 Re6 35. f3 Bd2 36. Rh2 Re1+ 37. Kf2 Re6 38. Rh1 Bb4 39. Rc1 Kg8 40. f4 b6 41. g5 c5 42. Kf3 a5 43. Rd1 c4 44. Ne3 1-0

[Event "Arco op 22nd"]
[Site "Arco"]
[Date "2000.??.??"]
[Round "5"]
[White "Wagman, Stuart"]
[Black "Astengo, Marcello"]
[Result "0-1"]
[WhiteElo "2188"]
[BlackElo "2032"]
[PlyCount "62"]
[EventDate "2000.10.??"]
[EventType "swiss"]
[EventRounds "9"]
[EventCountry "ITA"]
[SourceTitle "EXT 2001"]
[Source "ChessBase"]
[SourceDate "2000.11.22"]
[SourceVersion "1"]
[SourceVersionDate "2000.11.22"]
[SourceQuality "1"]

1. e4 e6 2. d4 d5 3. Nc3 Bb4 4. e5 Bf8 5. Nf3 c5 6. dxc5 Bxc5 7. Bd3 Nc6 8. 0-0 f6 9. exf6 Nxf6 10. Bg5 0-0 11. Bh4 Nb4 12. Ne5 a6 13. Qe2 Qc7 14. Bg3 Bd6 15. a3 Nc6 16. Nxc6 bxc6 17. Rfe1 a5 18. Na4 Bd7 19. Nc5 Bxg3 20. hxg3 Rae8 21. g4 Qf4 22. g3 Qd4 23. Nb3 Qxg4 24. Qxg4 Nxg4 25. Nc5 Bc8 26. f4 e5 27. c4 e4 28. Bf1 Nf6 29. b4 axb4 30. axb4 d4 31. Bg2 Bf5 0-1

[Event "Arco op 22nd"]
[Site "Arco"]
[Date "2000.??.??"]
[Round "1"]
[White "Wagman, Stuart"]
[Black "Casagrande, Fabio"]
[Result "0-1"]
[WhiteElo "2188"]
[BlackElo "2050"]
[PlyCount "69"]
[EventDate "2000.10.??"]
[EventType "swiss"]
[EventRounds "9"]
[EventCountry "ITA"]
[SourceTitle "EXT 2001"]
[Source "ChessBase"]
[SourceDate "2000.11.22"]
[SourceVersion "1"]
[SourceVersionDate "2000.11.22"]
[SourceQuality "1"]

1. e4 e6 2. d4 d5 3. Nc3 Nf6 4. e5 Nfd7 5. f4 c5 6. Nf3 Nc6 7. Be3 a6 8. Qd2 cxd4 9. Nxd4 Bc5 10. 0-0-0 Nxd4 11. Bxd4 b5 12. Bxc5 Nxc5 13. Bd3 Bd7 14. Kb1 Nxd3 15. cxd3 0-0 16. Qf2 f6 17. Qd4 fxe5 18. Qxe5 Qb6 19. g3 Rf5 20. Qe1 b4 21. Ne2 d4 22. g4 Ra5 23. Nc1 Re8 24. Qf2 Bc6 25. Rhe1 Bd5 26. Re5 Rc8 27. Nb3 Bxb3 28. axb3 Rxe5 29. fxe5 Qc5 30. Rf1 Rf8 31. Qxf8+ Qxf8 32. Rxf8+ Kxf8 33. Kc1 g5 34. Kd2 Ke7 35. Ke2 0-1